<?xml version="1.0" encoding="UTF-8"?>
<record
    xmlns:xsi="http://www.w3.org/2001/XMLSchema-instance"
    xsi:schemaLocation="http://www.loc.gov/MARC21/slim http://www.loc.gov/standards/marcxml/schema/MARC21slim.xsd"
    xmlns="http://www.loc.gov/MARC21/slim">

  <leader>00333nam a22001217a 4500</leader>
  <datafield tag="040" ind1=" " ind2=" ">
    <subfield code="c">HS</subfield>
  </datafield>
  <datafield tag="082" ind1=" " ind2=" ">
    <subfield code="a">581</subfield>
  </datafield>
  <datafield tag="100" ind1=" " ind2=" ">
    <subfield code="a">&#x17A0;&#x17CA;&#x179B; &#x1790;&#x17B6;&#x179A;&#x17B8;&#x1793;</subfield>
  </datafield>
  <datafield tag="245" ind1=" " ind2=" ">
    <subfield code="a">&#x1794;&#x17D2;&#x179A;&#x1796;&#x17D0;&#x1793;&#x17D2;&#x1792;&#x179C;&#x17B6;&#x179A;&#x17B8;&#x179A;&#x17BB;&#x1780;&#x17D2;&#x1781;&#x1787;&#x17B6;&#x178F;&#x17B7; systematic auatic botany</subfield>
  </datafield>
  <datafield tag="260" ind1=" " ind2=" ">
    <subfield code="a">RUA</subfield>
    <subfield code="b">&#x17A0;&#x17CA;&#x179B; &#x1790;&#x17B6;&#x179A;&#x17B8;&#x1793;</subfield>
    <subfield code="c">2010</subfield>
  </datafield>
  <datafield tag="300" ind1=" " ind2=" ">
    <subfield code="a">103p;</subfield>
  </datafield>
  <datafield tag="942" ind1=" " ind2=" ">
    <subfield code="c">KB</subfield>
  </datafield>
  <datafield tag="999" ind1=" " ind2=" ">
    <subfield code="c">8824</subfield>
    <subfield code="d">8824</subfield>
  </datafield>
  <datafield tag="952" ind1=" " ind2=" ">
    <subfield code="0">0</subfield>
    <subfield code="1">0</subfield>
    <subfield code="4">0</subfield>
    <subfield code="6">581_000000000000000_&#x17A0;&#x179B;_2010_C162</subfield>
    <subfield code="7">0</subfield>
    <subfield code="9">49794</subfield>
    <subfield code="a">LBC</subfield>
    <subfield code="b">LBC</subfield>
    <subfield code="c">B162</subfield>
    <subfield code="d">2016-08-16</subfield>
    <subfield code="o">581 &#x17A0;&#x17CA;&#x179B; 2010 C162</subfield>
    <subfield code="p">RUA43859</subfield>
    <subfield code="r">2016-08-16</subfield>
    <subfield code="y">KB</subfield>
  </datafield>
  <datafield tag="952" ind1=" " ind2=" ">
    <subfield code="0">0</subfield>
    <subfield code="1">0</subfield>
    <subfield code="4">0</subfield>
    <subfield code="6">581_000000000000000_&#x17A0;&#x179B;_2010</subfield>
    <subfield code="7">0</subfield>
    <subfield code="9">51789</subfield>
    <subfield code="a">LBC</subfield>
    <subfield code="b">LBC</subfield>
    <subfield code="d">2016-09-06</subfield>
    <subfield code="o">581 &#x17A0;&#x17CA;&#x179B; 2010</subfield>
    <subfield code="p">RUA41047</subfield>
    <subfield code="r">2016-09-06</subfield>
    <subfield code="w">2016-09-06</subfield>
    <subfield code="y">KB</subfield>
  </datafield>
  <datafield tag="952" ind1=" " ind2=" ">
    <subfield code="0">0</subfield>
    <subfield code="1">0</subfield>
    <subfield code="4">0</subfield>
    <subfield code="6">581_000000000000000_&#x17A0;&#x179B;_2010_C161</subfield>
    <subfield code="7">0</subfield>
    <subfield code="9">52160</subfield>
    <subfield code="a">LBC</subfield>
    <subfield code="b">LBC</subfield>
    <subfield code="c">C161</subfield>
    <subfield code="d">2016-09-15</subfield>
    <subfield code="o">581 &#x17A0;&#x17CA;&#x179B; 2010 C161</subfield>
    <subfield code="p">RUA045198</subfield>
    <subfield code="r">2016-10-18</subfield>
    <subfield code="y">KB</subfield>
  </datafield>
</record>
